Los efectos de la crisis industrial. El caso del sector metalmecánico de Córdoba en 1982 (Registro nro. 25392)

Detalles MARC
000 -LEADER
fixed length control field 00408 a2200121 4500
001 - CONTROL NUMBER
control field ART_11232
005 - DATE AND TIME OF LATEST TRANSACTION
control field 20260410161855.0
008 - FIXED-LENGTH DATA ELEMENTS--GENERAL INFORMATION
fixed length control field 260409a
100 1# - MAIN ENTRY--PERSONAL NAME
Personal name Barra Ruatta, Orlando
245 10 - TITLE STATEMENT
Title Los efectos de la crisis industrial. El caso del sector metalmecánico de Córdoba en 1982
700 1# - ADDED ENTRY--PERSONAL NAME
Personal name Blanco, Alfredo F.
773 0# - HOST ITEM ENTRY
Title Revista de Economía
Related parts - Nº 40 (mar. 1984)
Record control number REV11077

No hay ítems disponibles.